000
00189 a2200097 4500
020
_a
9788447800667
041
_a
spa
100
_a
Eileen Cadman
245
_a
El principe pinchon
942
_c
K
999
_c
28772
_d
28772